000 01237nam0a22003251 4500
001 rc\3808928
005 20260405223624.0
021 _aRU
_b[76-6421]
035 _a(NLR Aleph) 007264354
090 _a5341467
_c5341467
100 _a20120329d1975 |||y0rusy50 ca
101 1 _arus
_chin
102 _aRU
105 _aa z |||a|
200 1 _aАмита
_eРоман
_fЯшпал
_gПеревод с хинди Н. Гурова и А. Плешкова
_g[Предисл. В. Балина
_gКоммент. Я. Василькова]
210 _aЛенинград
_cХудож. лит. Ленингр. отд-ние
_d1975
215 _a303 с.
_cил.
_d16
606 _aЖенщина в Индии (х. л.)
_2psbo
607 _aИндия древняя (х. л.)
_2psbo
700 0 _7ca
_8rus
_aЯшпал
_f1903-1976
_948981
_3RU\NLR\AUTH\7766052
702 1 _aПлешков
_bА.
_4730
702 1 _aБалин
_bВ.
_4080
702 1 _4212
_7ca
_8rus
_aВасильков
_bЯ. В.
_f1943-
_gЯрослав Владимирович
_984724
_3RU\NLR\AUTH\77101798
702 1 _aГуров
_bН.
_4730
801 0 _aRU
_bNLR
_gpsbo
801 1 _aRU
_bELAR
_2rusmarc
852 _aNLR
_j76-2/852
942 _cBOOK
980 _aNB